Be a successful remodeling contractor
Be a Successful Building Contractor will give you the business savvy you need to set up and manage a profit-making enterprise. The book will help you define your business requirements-find desirable building lots-build on speculation-computerize your operations-track financial transactions-hire top-...
में बचाया:
| मुख्य लेखक: | |
|---|---|
| स्वरूप: | पुस्तक |
| भाषा: | Undetermined |
| प्रकाशित: |
New York
McGraw-Hil
2005
|
| विषय: | |
| टैग : |
टैग जोड़ें
कोई टैग नहीं, इस रिकॉर्ड को टैग करने वाले पहले व्यक्ति बनें!
|
| Thư viện lưu trữ: | Trung tâm Học liệu Trường Đại học Cần Thơ |
|---|
| LEADER | 00886nam a2200217Ia 4500 | ||
|---|---|---|---|
| 001 | CTU_166781 | ||
| 008 | 210402s9999 xx 000 0 und d | ||
| 020 | |c 34.95 | ||
| 082 | |a 690.068 | ||
| 082 | |b W894 | ||
| 100 | |a Woodson, R. Dodge | ||
| 245 | 0 | |a Be a successful remodeling contractor | |
| 245 | 0 | |c R. Dodge Woodso | |
| 260 | |a New York | ||
| 260 | |b McGraw-Hil | ||
| 260 | |c 2005 | ||
| 520 | |a Be a Successful Building Contractor will give you the business savvy you need to set up and manage a profit-making enterprise. The book will help you define your business requirements-find desirable building lots-build on speculation-computerize your operations-track financial transactions-hire top-notch employees-and much more | ||
| 650 | |a Contractors,Building trades | ||
| 650 | |x Management | ||
| 904 | |i Lan Anh | ||
| 980 | |a Trung tâm Học liệu Trường Đại học Cần Thơ | ||